000 00975nam a22002777a 4500
999 _c15971
_d15971
005 20181218104619.0
008 080929t xxu||||| |||| 00| 0 eng d
010 _aB-310246-260
020 _a9780007259304
_c395.00
020 _a0007259301
_c395.00
035 _aB-310246-260
035 _aB-359019
037 _bGDMK
040 _adpl
_bEnglish
082 _a921
100 _aFrank, Katherine
245 _aIndira :
_bthe life of Indira Nehru Gandhi /
_cby Katherine Frank
260 _aNew Delhi
_bHarperCollins Publishers
_c2007
270 _a1A Hamilton House,Connaught Place
_bNew Delhi
_e110001
300 _axvii, 567p.:
_bmaps,b&w photos
_c20 cm. (pbk)
500 _aIncludes notes and index
600 _aGandhi, Indira
942 _2ddc
_cEN
_h921
_mIND